000 00459nam a2200169Ia 4500
003 GCL
008 140319s9999 xx 000 0 aGer d
040 _aGCL /
_cGCL
082 0 4 _a709.45
_bA M
100 1 _aACCEDEMIA DELLE ARTI
245 1 0 _aMOSTRA DEGLI ACCADENICI DELLE ARTI DEL DISEGNO /
_cACCEDEMIA DELLE ARTI
260 _a[S.N] :
_bFINITO DI STAMPARE ،
_c1976
650 0 4 _aSCUBS LIRE
650 0 4 _aATALY,ATS
650 0 4 _aARTS
942 _2ddc
_cBK
999 _c12314
_d12314